| 000 | 00608nam a2200241Ia 4500 | ||
|---|---|---|---|
| 008 | 180620s9999 xx 000 0 und d | ||
| 020 | _a978-0-7407-5563-7 | ||
| 050 | _aREF TT 872.5 | ||
| 050 | _b.J46 2005 | ||
| 100 | _aJenkins, Alison. | ||
| 245 | 4 | _aThe Lost art of towel origami / | |
| 245 | 0 | _cAlison Jenkins. | |
| 260 | _aKansas City : | ||
| 260 | _bAndrews McMeel Publishing, | ||
| 260 | _c2005 | ||
| 300 | _a80 pages : | ||
| 300 | _bcolored illustrations ; | ||
| 300 | _c21 cm. | ||
| 500 | _aIncludes index. | ||
| 650 | _aOrigami. | ||
| 650 | _aTowels. | ||
| 650 | _xTower folding. | ||
| 999 |
_c358047 _d358047 |
||